00504nam a2200169Ia 450000500170000000800410001704000190005804100120007708200240008910000220011324500530013526000360018830000100022465000670023465100230030185000100032420230515155112.0131103s9999 xx 000 0 und d aLoreto College aEnglish aTAG 891.44bTAG-DEB aDebnath, Birendra aRabindranather dristitay mritucBirendra Debnath aCalcuttabRabindrabharatic1966 a228p  aTagore, Rabindranath, 1861-1941 - Criticism and Interpretation aBengali Literature aLCLIB